[Event "Hessenliga 0910"]
[Site "Germany"]
[Date "2009.11.29"]
[Round "4.2"]
[White "Treffert, Peter"]
[Black "Kersten, Uwe"]
[Result "1/2-1/2"]
[WhiteElo "2285"]
[BlackElo "2294"]
[PlyCount "72"]
[EventDate "2009.09.20"]
[EventType "team-tourn"]
[EventRounds "9"]
[EventCountry "GER"]
[SourceTitle "EXT 2011"]
[Source "ChessBase"]
[SourceDate "2010.11.26"]
[SourceVersion "1"]
[SourceVersionDate "2010.11.26"]
[SourceQuality "1"]
[WhiteTeam "Lorsch"]
[BlackTeam "Kassel"]
[WhiteTeamCountry "GER"]
[BlackTeamCountry "GER"]

1. e4 c5 2. c3 Nf6 3. e5 Nd5 4. d4 cxd4 5. Nf3 e6 6. cxd4 d6 7. Nc3 Nxc3 8. bxc3 Qc7 9. Qb3 Nd7 10. Bb5 a6 11. Bxd7+ Bxd7 12. Ba3 Bb5 13. exd6 Bxd6 14. Bxd6 Qxd6 15. c4 Bc6 16. 0-0 0-0 17. Rfd1 Rfd8 18. Ne5 Rac8 19. a4 Qc7 20. a5 Be8 21. Rac1 f6 22. Ng4 Bh5 23. Qh3 Bf7 24. Qc3 Bh5 25. Qh3 Qxa5 26. Ne5 Bf7 27. Nxf7 Kxf7 28. Qxh7 Qc7 29. Qh5+ Kg8 30. Qg4 Qd6 31. h4 Qd7 32. h5 e5 33. Qxd7 Rxd7 34. dxe5 Rxd1+ 35. Rxd1 fxe5 36. Rd7 Rxc4 1/2-1/2

[Event "Hessenliga 0910"]
[Site "Germany"]
[Date "2009.11.01"]
[Round "3.2"]
[White "Khairullin, Ildar"]
[Black "Treffert, Peter"]
[Result "1-0"]
[WhiteElo "2602"]
[BlackElo "2285"]
[PlyCount "69"]
[EventDate "2009.09.20"]
[EventType "team-tourn"]
[EventRounds "9"]
[EventCountry "GER"]
[SourceTitle "EXT 2011"]
[Source "ChessBase"]
[SourceDate "2010.11.26"]
[SourceVersion "1"]
[SourceVersionDate "2010.11.26"]
[SourceQuality "1"]
[WhiteTeam "Wiesbaden"]
[BlackTeam "Lorsch"]
[WhiteTeamCountry "GER"]
[BlackTeamCountry "GER"]

1. c4 e6 2. d4 d5 3. Nc3 Nf6 4. cxd5 exd5 5. Bg5 Be7 6. e3 c6 7. Bd3 Ne4 8. Bf4 f5 9. Qc2 0-0 10. Nge2 Be6 11. g4 Na6 12. a3 Qa5 13. 0-0 Nxc3 14. bxc3 fxg4 15. Bxh7+ Kh8 16. Be5 Bf6 17. Nf4 Bf7 18. Bxf6 gxf6 19. Bg6 Qc7 20. Qf5 Rg8 21. Qxf6+ Rg7 22. Bf5 Kg8 23. h3 gxh3+ 24. Kh2 Qd8 25. Qh6 Qg5 26. Qxh3 Qf6 27. Rg1 Rxg1 28. Rxg1+ Kf8 29. Ng6+ Ke8 30. Ne5 Ke7 31. Nxf7 Qxf7 32. Qh4+ Kd6 33. Qf4+ Ke7 34. Qe5+ Kf8 35. Qd6+ 1-0

[Event "Hessenliga 0809"]
[Site "Germany"]
[Date "2009.02.08"]
[Round "7.1"]
[White "Treffert, Peter"]
[Black "Zweschper, Erich"]
[Result "1/2-1/2"]
[WhiteElo "2276"]
[BlackElo "2126"]
[PlyCount "24"]
[EventDate "2008.09.14"]
[EventType "team-tourn"]
[EventRounds "9"]
[EventCountry "GER"]
[SourceTitle "EXT 2011"]
[Source "ChessBase"]
[SourceDate "2010.11.26"]
[SourceVersion "1"]
[SourceVersionDate "2010.11.26"]
[SourceQuality "1"]
[WhiteTeam "Lorsch"]
[BlackTeam "Eppstein"]
[WhiteTeamCountry "GER"]
[BlackTeamCountry "GER"]

1. e4 c5 2. b3 e6 3. Nf3 Nc6 4. Bb2 d6 5. d4 cxd4 6. Nxd4 Bd7 7. c4 Nf6 8. Nc3 Be7 9. Be2 a6 10. 0-0 0-0 11. Kh1 Rb8 12. a4 Qb6 1/2-1/2

[Event "Oberliga Ost-B 0708"]
[Site "Germany"]
[Date "2008.04.19"]
[Round "10.2"]
[White "Treffert, Peter"]
[Black "Krenz, Valeriy"]
[Result "0-1"]
[WhiteElo "2284"]
[BlackElo "2225"]
[PlyCount "144"]
[EventDate "2007.10.07"]
[EventType "team-tourn"]
[EventRounds "11"]
[EventCountry "GER"]
[SourceTitle "EXT 2009"]
[Source "ChessBase"]
[SourceDate "2008.11.26"]
[SourceVersion "1"]
[SourceVersionDate "2008.11.26"]
[SourceQuality "1"]
[WhiteTeam "Moerlenbach"]
[BlackTeam "Wiesbaden"]
[WhiteTeamCountry "GER"]
[BlackTeamCountry "GER"]

1. e4 c6 2. d4 d5 3. Nc3 g6 4. e5 h5 5. Bd3 Nh6 6. Nce2 Na6 7. c3 Nc7 8. Nf4 Bg4 9. Nf3 Qd7 10. h3 Bf5 11. Be2 Ne6 12. Nxe6 Bxe6 13. Bf4 Nf5 14. Qd2 f6 15. h4 Ng7 16. Nh2 Bf5 17. Bh6 Qe6 18. exf6 exf6 19. Qe3 Be4 20. Bxg7 Bxg7 21. Bd3 Bh6 22. Qe2 Kf7 23. Bxe4 dxe4 24. Nf1 Qg4 25. Ne3 Bxe3 26. fxe3 Rad8 27. Qxg4 hxg4 28. Kf2 Rd5 29. Kg3 Rdh5 30. Kxg4 f5+ 31. Kf4 Ke6 32. Rh3 g5+ 33. Kg3 Rxh4 34. Rxh4 Rxh4 35. c4 f4+ 36. Kf2 Rh2 37. Kg1 Rh6 38. Kf2 Kf5 39. Rd1 Kg4 40. b3 Rh2 41. d5 cxd5 42. cxd5 Kf5 43. d6 Rh8 44. d7 Rd8 45. Rd5+ Kf6 46. g3 Kg6 47. Rd6+ Kf7 48. Rd5 Kf6 49. Rd4 Kg6 50. Rd6+ Kf7 51. Ke2 Ke7 52. Rd4 fxe3 53. Rxe4+ Kxd7 54. Re5 Rh8 55. Rxg5 Rh2+ 56. Kxe3 Rxa2 57. Rg7+ Kc6 58. Kd4 a5 59. g4 Ra3 60. Kc4 b5+ 61. Kc3 a4 62. Rg6+ Kc5 63. Rf6 Rxb3+ 64. Kc2 Rg3 65. g5 Rg2+ 66. Kb1 a3 67. Rf5+ Kb4 68. Rf4+ Kb3 69. Rf3+ Ka4 70. Rf6 b4 71. Re6 a2+ 72. Ka1 Ka3 0-1

[Event "Oberliga Ost-B 0708"]
[Site "Germany"]
[Date "2007.10.07"]
[Round "1.3"]
[White "Treffert, Peter"]
[Black "Wahedi, Ahmad Siar"]
[Result "1-0"]
[WhiteElo "2284"]
[BlackElo "2272"]
[PlyCount "81"]
[EventDate "2007.10.07"]
[EventType "team-tourn"]
[EventRounds "11"]
[EventCountry "GER"]
[SourceTitle "EXT 2009"]
[Source "ChessBase"]
[SourceDate "2008.11.26"]
[SourceVersion "1"]
[SourceVersionDate "2008.11.26"]
[SourceQuality "1"]
[WhiteTeam "Moerlenbach"]
[BlackTeam "Steinbach"]
[WhiteTeamCountry "GER"]
[BlackTeamCountry "GER"]

1. e4 c6 2. d4 d5 3. exd5 cxd5 4. c4 Nf6 5. Nc3 e6 6. Nf3 Be7 7. cxd5 Nxd5 8. Bd3 0-0 9. 0-0 b6 10. Nxd5 exd5 11. Qc2 h6 12. Re1 Be6 13. Ne5 Bf6 14. f4 Qc8 15. f5 Qxc2 16. Bxc2 Bc8 17. Bf4 Na6 18. Rac1 Bb7 19. Bb3 Rac8 20. Red1 Rxc1 21. Rxc1 Rd8 22. g4 Bxe5 23. Bxe5 f6 24. Bg3 Kf7 25. Ba4 Bc8 26. Bb5 Bb7 27. a3 g6 28. Bd3 gxf5 29. Bxf5 Re8 30. Kf2 h5 31. h3 hxg4 32. hxg4 b5 33. b4 Ba8 34. Rc8 Bb7 35. Bg6+ Kxg6 36. Rxe8 Kf7 37. Rh8 Ke6 38. Rh7 Bc8 39. Rxa7 f5 40. g5 f4 41. Bxf4 1-0

[Event "Oberliga Ost-B 0203"]
[Site "Germany"]
[Date "2003.02.23"]
[Round "8.4"]
[White "Treffert, Peter"]
[Black "Dunsbach, Ralf"]
[Result "1-0"]
[WhiteElo "2264"]
[BlackElo "2277"]
[PlyCount "69"]
[EventDate "2002.10.20"]
[EventType "team"]
[EventRounds "11"]
[EventCountry "GER"]
[SourceTitle "EXT 2004"]
[Source "ChessBase"]
[SourceDate "2003.11.25"]
[SourceVersion "1"]
[SourceVersionDate "2003.11.25"]
[SourceQuality "1"]
[WhiteTeam "Moerlenbach"]
[BlackTeam "Schoeneck"]
[WhiteTeamCountry "GER"]
[BlackTeamCountry "GER"]

1. e4 c5 2. Nf3 Nc6 3. Bb5 g6 4. 0-0 Bg7 5. Re1 e5 6. b4 cxb4 7. a3 Nge7 8. axb4 0-0 9. Bxc6 dxc6 10. Bb2 Qc7 11. Na3 Be6 12. Ng5 Bd7 13. Qe2 a5 14. bxa5 Rxa5 15. Nc4 Rxa1 16. Rxa1 b5 17. Ne3 Nc8 18. Nf3 Nb6 19. c4 Na4 20. Ba3 Re8 21. Rc1 Qb8 22. cxb5 cxb5 23. Nd5 Nb6 24. Nc7 Rc8 25. Nxb5 Rxc1+ 26. Bxc1 Be6 27. Nc3 Bf8 28. Qb5 f6 29. d3 Qc7 30. Bd2 Kg7 31. h3 Bc5 32. Na4 Nxa4 33. Qxa4 Qb6 34. Be1 Bd7 35. Qxd7+ 1-0

[Event "Oberliga Ost-B 0102"]
[Site "Germany"]
[Date "2002.03.17"]
[Round "9.5"]
[White "Treffert, Peter"]
[Black "Weil, Volker"]
[Result "1-0"]
[WhiteElo "2265"]
[BlackElo "2234"]
[PlyCount "149"]
[EventDate "2001.10.07"]
[EventType "team"]
[EventRounds "11"]
[EventCountry "GER"]
[SourceTitle "EXT 2003"]
[Source "ChessBase"]
[SourceDate "2002.11.25"]
[SourceVersion "1"]
[SourceVersionDate "2002.11.25"]
[SourceQuality "1"]
[WhiteTeam "Moerlenbach"]
[BlackTeam "Steinbach"]
[WhiteTeamCountry "GER"]
[BlackTeamCountry "GER"]

1. e4 d6 2. d4 Nf6 3. Nc3 e5 4. Nf3 Nbd7 5. Bc4 Be7 6. 0-0 0-0 7. Re1 c6 8. a4 a5 9. d5 Nc5 10. h3 h6 11. b3 Qc7 12. Ba3 Bd7 13. Qd2 cxd5 14. exd5 b6 15. Kh2 Rfe8 16. Rad1 Bf8 17. Bb5 Rac8 18. Rc1 Qb7 19. Bxd7 Qxd7 20. Nb5 Nfe4 21. Qe2 f5 22. Bxc5 Nxc5 23. Nd2 Rb8 24. Nc4 Be7 25. Rcd1 Rf8 26. Nd4 Bf6 27. Ne6 Rf7 28. Nxc5 bxc5 29. Nxa5 e4 30. Nc4 Re8 31. f4 Bd4 32. Ne3 Ref8 33. Qc4 g5 34. g3 gxf4 35. gxf4 Rg7 36. c3 Bxe3 37. Rxe3 Kh7 38. Ree1 Rfg8 39. Rg1 Qe7 40. Qe2 Qh4 41. Rxg7+ Rxg7 42. Qe3 Qh5 43. Re1 Qf7 44. Qd2 Qg6 45. Qf2 Qf6 46. Qe3 Qf7 47. Rd1 Qb7 48. c4 Qb4 49. Ra1 Qa5 50. Qe1 Qd8 51. a5 Qf6 52. Ra2 Qd4 53. Re2 e3 54. Rxe3 Qxf4+ 55. Kh1 Qg5 56. Qf2 h5 57. Kh2 h4 58. Rf3 Rf7 59. Rf4 Kg6 60. Qxh4 Ra7 61. Qxg5+ Kxg5 62. Kg3 Rxa5 63. h4+ Kf6 64. Rf3 Ra1 65. Re3 Rg1+ 66. Kh2 Rb1 67. Re6+ Kf7 68. Rxd6 Rxb3 69. Rc6 f4 70. Kg2 Rg3+ 71. Kf2 Rh3 72. Rxc5 Rxh4 73. Kf3 Kf6 74. d6 Ke6 75. Rd5 1-0

[Event "Oberliga Ost-B 0102"]
[Site "Germany"]
[Date "2001.10.07"]
[Round "1.5"]
[White "Treffert, Peter"]
[Black "Schaack, Harry"]
[Result "1/2-1/2"]
[WhiteElo "2265"]
[BlackElo "2276"]
[PlyCount "87"]
[EventDate "2001.10.07"]
[EventType "team"]
[EventRounds "11"]
[EventCountry "GER"]
[SourceTitle "EXT 2003"]
[Source "ChessBase"]
[SourceDate "2002.11.25"]
[SourceVersion "1"]
[SourceVersionDate "2002.11.25"]
[SourceQuality "1"]
[WhiteTeam "Moerlenbach"]
[BlackTeam "Schoeneck"]
[WhiteTeamCountry "GER"]
[BlackTeamCountry "GER"]

1. e4 c6 2. d4 d5 3. exd5 cxd5 4. c4 Nf6 5. Nc3 g6 6. cxd5 Nxd5 7. Qb3 Nb6 8. Nf3 Bg7 9. Bb5+ Bd7 10. 0-0 0-0 11. Bg5 Bxb5 12. Qxb5 Nc6 13. Rad1 h6 14. Bh4 a6 15. Qe2 Nd5 16. Qe4 Nf6 17. Bxf6 Bxf6 18. Nd5 e6 19. Nxf6+ Qxf6 20. Ne5 Qf5 21. Qxf5 gxf5 22. Nd7 Rfd8 23. Nb6 Rab8 24. d5 exd5 25. Nxd5 Kg7 26. f4 Re8 27. Rd2 Rbd8 28. Rfd1 Re4 29. g3 Nb4 30. Nxb4 Rxd2 31. Rxd2 Rxb4 32. Kf2 Re4 33. a3 Re6 34. Kf3 h5 35. Rd5 Kf6 36. Rd7 Rb6 37. Rd2 Rb3+ 38. Kg2 Rb6 39. b4 Re6 40. Kf3 Rc6 41. Rd3 Rc2 42. h3 Ke6 43. Ke3 Rc6 44. Kf3 1/2-1/2

[Event "Hessenliga 9900"]
[Site "Hessen"]
[Date "2000.01.23"]
[Round "5.2"]
[White "Treffert, Peter"]
[Black "Rechel, Ralf"]
[Result "1-0"]
[WhiteElo "2251"]
[BlackElo "2127"]
[PlyCount "57"]
[EventDate "1999.09.26"]
[EventType "team"]
[EventRounds "11"]
[EventCountry "GER"]
[SourceTitle "EXT 2002"]
[Source "ChessBase"]
[SourceDate "2001.11.25"]
[SourceVersion "1"]
[SourceVersionDate "2001.11.25"]
[SourceQuality "1"]

1. e4 e6 2. d4 d5 3. Nc3 Bb4 4. Nge2 dxe4 5. a3 Bxc3+ 6. Nxc3 Ne7 7. Bg5 Nbc6 8. Bb5 f6 9. Be3 0-0 10. Qd2 e5 11. d5 Nd4 12. Bxd4 exd4 13. Qxd4 Nf5 14. Qxe4 Nd6 15. Qa4 Nxb5 16. Qxb5 Re8+ 17. Kd2 c6 18. Qc5 cxd5 19. Rad1 Be6 20. Kc1 Rc8 21. Qxa7 Rc4 22. Rd4 Qc7 23. Rhd1 Qxh2 24. Rxc4 dxc4 25. Qxb7 Qf4+ 26. Kb1 Qxf2 27. a4 Qc5 28. Qb5 Rc8 29. Rd8+ 1-0

[Event "Hessenliga 9900"]
[Site "Hessen"]
[Date "1999.11.28"]
[Round "4.1"]
[White "Treffert, Peter"]
[Black "Marchio, Enrico"]
[Result "1/2-1/2"]
[WhiteElo "2251"]
[BlackElo "2289"]
[PlyCount "150"]
[EventDate "1999.09.26"]
[EventType "team"]
[EventRounds "11"]
[EventCountry "GER"]
[SourceTitle "EXT 2002"]
[Source "ChessBase"]
[SourceDate "2001.11.25"]
[SourceVersion "1"]
[SourceVersionDate "2001.11.25"]
[SourceQuality "1"]

1. e4 e6 2. d4 d5 3. exd5 exd5 4. c4 Nf6 5. Nc3 Be6 6. Qb3 Nc6 7. Nf3 dxc4 8. Bxc4 Bxc4 9. Qxc4 Bb4 10. 0-0 Bxc3 11. bxc3 0-0 12. Qb3 b6 13. Bg5 Qd6 14. Bxf6 Qxf6 15. Rfe1 Rfd8 16. Qb5 g6 17. h3 Na5 18. Ne5 c6 19. Qa6 Qd6 20. Rad1 Qc7 21. Qe2 Rd6 22. Nc4 Nxc4 23. Qxc4 Rad8 24. Re5 Rd5 25. Rde1 Rxe5 26. Rxe5 Qd7 27. Qe2 Kf8 28. Qe3 Re8 29. Qh6+ Kg8 30. Qf4 Kg7 31. Qe3 Rxe5 32. Qxe5+ f6 33. Qe4 Kf7 34. Qf4 Kg7 35. Qb8 Kf7 36. Qf4 Kg7 37. g4 Kf7 38. g5 f5 39. Qe5 Qe7 40. f4 Qxe5 41. dxe5 Ke6 42. Kf2 Kd5 43. Ke3 Ke6 44. Kd4 Kd7 45. Kc4 Kc7 46. Kb4 Kb7 47. a3 Kc7 48. Kc4 Kd7 49. Kd4 Ke6 50. a4 Kd7 51. Kd3 Ke6 52. Kc4 Kd7 53. Kb4 Kc7 54. Kb3 Kd7 55. c4 Ke6 56. c5 Kd5 57. cxb6 axb6 58. Kb4 Ke6 59. a5 bxa5+ 60. Kxa5 Kd5 61. Kb4 c5+ 62. Kb3 c4+ 63. Kc3 Kc5 64. e6 Kd6 65. Kxc4 Kxe6 66. Kc5 Ke7 67. Kd5 Kd7 68. Ke5 Ke7 69. h4 Kf7 70. Kd6 Kf8 71. Ke6 Ke8 72. h5 gxh5 73. Kxf5 Kf7 74. Ke4 h6 75. gxh6 Kg6 1/2-1/2

[Event "Hessenliga 9900"]
[Site "Hessen"]
[Date "1999.10.24"]
[Round "2.2"]
[White "Seger, Ruediger"]
[Black "Treffert, Peter"]
[Result "1/2-1/2"]
[WhiteElo "2412"]
[BlackElo "2251"]
[PlyCount "102"]
[EventDate "1999.09.26"]
[EventType "team"]
[EventRounds "11"]
[EventCountry "GER"]
[SourceTitle "EXT 2002"]
[Source "ChessBase"]
[SourceDate "2001.11.25"]
[SourceVersion "1"]
[SourceVersionDate "2001.11.25"]
[SourceQuality "1"]

1. e4 c6 2. d4 d5 3. Nc3 dxe4 4. Nxe4 Bf5 5. Ng3 g6 6. Nxf5 gxf5 7. Nf3 Nd7 8. g3 e6 9. Bg2 Ngf6 10. 0-0 Bg7 11. c4 0-0 12. Bg5 Qb6 13. Qc2 Ne4 14. Be3 Rfd8 15. Rab1 Ndf6 16. Ne5 Qc7 17. f3 Nd6 18. Rbd1 Nd7 19. f4 Nf6 20. c5 Nc8 21. h3 Nd5 22. Bc1 Nce7 23. g4 Bxe5 24. fxe5 Kh8 25. Kh1 Qd7 26. Qf2 Rg8 27. Bf3 Rg6 28. Rg1 Rag8 29. Rg2 fxg4 30. hxg4 f5 31. Rdg1 Qd8 32. Qh4 f4 33. Be4 R6g7 34. Rh2 Ng6 35. Qf2 Rf8 36. Rh5 Kg8 37. Rg2 Rff7 38. Rgh2 Qe7 39. Rh6 Nf8 40. Bxd5 cxd5 41. Rg2 Ng6 42. b4 Qd7 43. Rh3 Rf8 44. Qf1 a6 45. Rf2 Rgf7 46. Rhf3 Qe7 47. a4 Qg5 48. Qh3 Qd8 49. Qf1 Qh4+ 50. Qh3 Qd8 51. Qf1 Qh4+ 1/2-1/2

[Event "Passau op 7th"]
[Site "Passau"]
[Date "1999.04.03"]
[Round "4"]
[White "Wockenfuss, Klaus"]
[Black "Treffert, Peter"]
[Result "1-0"]
[WhiteElo "2317"]
[BlackElo "2228"]
[PlyCount "48"]
[EventDate "1999.04.02"]
[EventType "swiss"]
[EventRounds "7"]
[EventCountry "GER"]
[SourceTitle "EXT 2000"]
[Source "ChessBase"]
[SourceDate "1999.11.16"]
[SourceVersion "1"]
[SourceVersionDate "1999.11.16"]
[SourceQuality "1"]

1. d4 d5 2. Nf3 c5 3. c3 Nf6 4. g3 cxd4 5. cxd4 Nc6 6. Nc3 e6 7. Bg2 Be7 8. 0-0 0-0 9. b3 Ne4 10. Nxe4 dxe4 11. Ne5 Nxd4 12. Bb2 Nf5 13. Bxe4 Nd6 14. Bg2 Qa5 15. Qc2 Bf6 16. Nc4 Nxc4 17. Bxf6 gxf6 18. Qxc4 e5 19. Rfc1 Be6 20. Qh4 Rac8 21. Be4 Rxc1+ 22. Rxc1 f5 23. Qg5+ Kh8 24. Bxf5 f6 1-0

[Event "Passau op 7th"]
[Site "Passau"]
[Date "1999.04.02"]
[Round "1"]
[White "Treffert, Peter"]
[Black "Hapala, Michaela"]
[Result "1-0"]
[WhiteElo "2228"]
[BlackElo "1807"]
[PlyCount "57"]
[EventDate "1999.04.02"]
[EventType "swiss"]
[EventRounds "7"]
[EventCountry "GER"]
[SourceTitle "EXT 2000"]
[Source "ChessBase"]
[SourceDate "1999.11.16"]
[SourceVersion "1"]
[SourceVersionDate "1999.11.16"]
[SourceQuality "1"]

1. e4 c5 2. b3 Nc6 3. Bb2 e5 4. f4 exf4 5. Nf3 Nf6 6. Nc3 Qe7 7. Qe2 d6 8. 0-0-0 Bg4 9. Nb5 a6 10. Nxd6+ Qxd6 11. e5 Bxf3 12. gxf3 Nd4 13. Bxd4 Qxd4 14. c3 Qd5 15. exf6+ Kd7 16. d4 Kc6 17. dxc5 Qxc5 18. Kb2 g5 19. Rd4 Qf5 20. Qc4+ Kb6 21. Qxf7 Bc5 22. Rd7 Rab8 23. Bd3 Qh3 24. Re1 Qg2+ 25. Re2 Qxf3 26. Re6+ Ka5 27. b4+ Bxb4 28. cxb4+ Kxb4 29. Qe7+ 1-0

[Event "Hessenliga 9899"]
[Site "Hessen"]
[Date "1999.??.??"]
[Round "?"]
[White "Weil, Volker"]
[Black "Treffert, Peter"]
[Result "1/2-1/2"]
[WhiteElo "2260"]
[BlackElo "2265"]
[PlyCount "96"]
[EventDate "1998.10.??"]
[EventType "team"]
[EventRounds "11"]
[EventCountry "GER"]
[SourceTitle "EXT 2000"]
[Source "ChessBase"]
[SourceDate "1999.11.16"]
[SourceVersion "1"]
[SourceVersionDate "1999.11.16"]
[SourceQuality "1"]

1. d4 d5 2. Bg5 c6 3. c3 Qb6 4. Qb3 Qxb3 5. axb3 Bf5 6. Nd2 Nd7 7. e3 f6 8. Bh4 a6 9. Ngf3 e5 10. dxe5 fxe5 11. Be2 Bd6 12. b4 Rc8 13. 0-0 Ngf6 14. Bg3 h6 15. Nh4 Bh7 16. f4 0-0 17. f5 Bb8 18. e4 Nxe4 19. Nxe4 dxe4 20. Bc4+ Kh8 21. Be6 Rcd8 22. Bf2 Bc7 23. Rad1 Nf6 24. Bc5 Rxd1 25. Rxd1 Rd8 26. Rxd8+ Bxd8 27. Ng6+ Bxg6 28. fxg6 Bc7 29. g3 b6 30. Be7 Nd5 31. Bf8 a5 32. bxa5 bxa5 33. Bc5 Bb6 34. Bxb6 Nxb6 35. Kf2 Na4 36. b4 axb4 37. cxb4 Nb2 38. Ke3 Nd3 39. Kxe4 Nxb4 40. Kxe5 c5 41. Kd6 Nd3 42. Bc4 Nf2 43. Kxc5 Ng4 44. h4 Nf6 45. Kd4 Nh5 46. g4 Nf6 47. Be6 Ne8 48. Ke5 Nf6 1/2-1/2

[Event "Hessenliga 9798"]
[Site "Hessen"]
[Date "1998.??.??"]
[Round "?.2"]
[White "Janoszka, Arnd"]
[Black "Treffert, Peter"]
[Result "1/2-1/2"]
[WhiteElo "2210"]
[BlackElo "2335"]
[PlyCount "126"]
[EventDate "1997.10.??"]
[EventType "team"]
[EventRounds "11"]
[EventCountry "GER"]
[SourceTitle "EXT 1999"]
[Source "ChessBase"]
[SourceDate "1998.11.16"]
[SourceVersion "1"]
[SourceVersionDate "1998.11.16"]
[SourceQuality "1"]

1. g3 e5 2. c4 g6 3. d4 exd4 4. Qxd4 Qf6 5. Qd1 Qc6 6. Nf3 Qxc4 7. b3 Bb4+ 8. Nbd2 Qd5 9. Bg2 Bc3 10. Rb1 Nc6 11. 0-0 Nge7 12. Nh4 Qd4 13. Nhf3 Qd5 14. Nh4 Qd6 15. Qc2 Nd4 16. Qd3 f5 17. Kh1 Bxd2 18. Qxd2 0-0 19. Bb2 Ne6 20. Qh6 Qb4 21. Nf3 Qg4 22. h4 Qh5 23. Qxh5 gxh5 24. e3 d5 25. Ne5 c6 26. Nd3 Ng6 27. Rfd1 Ng7 28. Bf3 Re8 29. Rbc1 Bd7 30. Bxg7 Kxg7 31. Bxh5 Re7 32. b4 a6 33. Kg2 Be8 34. Bf3 Ne5 35. Nxe5 Rxe5 36. Rd4 Rd8 37. a4 Rd6 38. Rf4 Bd7 39. Rc2 Rf6 40. Rd2 h6 41. Kf1 Rf8 42. Ke2 a5 43. Rb2 Ra8 44. Kd2 axb4 45. Rfxb4 Bc8 46. Bd1 Kf6 47. Bc2 Re7 48. Rb6 Ke5 49. Kc3 Rg7 50. Bd1 Re7 51. Bc2 Re6 52. Rb1 Rd6 53. R1b2 Rg6 54. Bd1 Ra7 55. Rb1 Rg7 56. R1b2 Re7 57. Bc2 Rc7 58. Bd1 Be6 59. Bc2 Bd7 60. Rb1 Bc8 61. R1b2 Rg7 62. Bd1 Re7 63. Bc2 Rg7 1/2-1/2